Schwangerschaftsabbruch im internationalen Vergleich: rechtliche Regelungen - soziale Rahmenbedingungen - empirische Grunddaten

Gespeichert in:  
Bibliographische Detailangaben
Beteiligte: Eser, Albin 1935-2023 (Herausgegeben von)
Medienart: Druck Buch
Sprache:Deutsch
Veröffentlicht: Baden-Baden Nomos-Verl.-Ges. 1988-
In:Jahr: 1988
Bestand in Tübingen:In Tübingen vorhanden.
IFK: C III 99
UB: 28 A 7739
Verfügbarkeit prüfen: HBZ Gateway
Subito Bestelldienst: Jetzt bestellen.
Bände / Aufsätze:Bände / Aufsätze anzeigen.
Schlagwörter:

MARC

LEADER 00000cam a2200000 ca4500
001 1083807846
003 DE-627
005 20231107173110.0
007 tu
008 880311m19889999xx ||||| 00| ||ger c
015 |a 88,N06,0231  |2 dnb 
016 7 |a 551376007  |2 DE-101 
035 |a (DE-627)1083807846 
035 |a (DE-576)013807846 
035 |a (DE-599)DNB551376007 
040 |a DE-627  |b ger  |c DE-627  |e rakwb 
041 |a ger 
084 |a PJ 3160  |2 rvk  |0 (DE-625)rvk/136712: 
084 |a PJ 3020  |2 rvk  |0 (DE-625)rvk/136703: 
245 0 0 |a Schwangerschaftsabbruch im internationalen Vergleich  |b rechtliche Regelungen - soziale Rahmenbedingungen - empirische Grunddaten  |c Albin Eser ... (Hrsg.) 
264 1 |a Baden-Baden  |b Nomos-Verl.-Ges.  |c 1988- 
336 |a Text  |b txt  |2 rdacontent 
337 |a ohne Hilfsmittel zu benutzen  |b n  |2 rdamedia 
338 |a Band  |b nc  |2 rdacarrier 
490 0 |a Rechtsvergleichende Untersuchungen zur gesamten Strafrechtswissenschaft  |v ... 
689 0 0 |d s  |0 (DE-588)4053732-8  |0 (DE-627)106165755  |0 (DE-576)209105348  |a Schwangerschaftsabbruch  |2 gnd 
689 0 1 |d s  |0 (DE-588)4057795-8  |0 (DE-627)106149458  |0 (DE-576)209123737  |a Strafrecht  |2 gnd 
689 0 2 |d s  |0 (DE-588)4115712-6  |0 (DE-627)104262664  |0 (DE-576)209495464  |a Rechtsvergleich  |2 gnd 
689 0 |5 DE-101 
689 1 0 |d s  |0 (DE-588)4053732-8  |0 (DE-627)106165755  |0 (DE-576)209105348  |a Schwangerschaftsabbruch  |2 gnd 
689 1 1 |d s  |0 (DE-588)4120509-1  |0 (DE-627)104262591  |0 (DE-576)209535695  |a Internationaler Vergleich  |2 gnd 
689 1 |5 DE-101 
700 1 |a Eser, Albin  |d 1935-2023  |e Hrsg.  |0 (DE-588)115865187  |0 (DE-627)077521447  |0 (DE-576)160884861  |4 edt 
936 r v |a PJ 3160  |b Vergleichendes Schrifttum, das sich auf mehrere Länder bezieht  |k Rechtswissenschaft  |k Medizinrecht (Biorecht, Recht des Gesundheitswesens, Arzneimittel- und Medizinproduktrecht, Medizinstrafrecht, Apothekenrecht)  |k Internationales und rechtsvergleichendes Medizinrecht (Biorecht, Recht des Gesundheitswesen, Arzneimittel- und Medizinprodukterecht, Medizinstrafrecht, Apothekenrecht)  |k Vergleichendes Schrifttum, das sich auf mehrere Länder bezieht  |0 (DE-627)144822831X  |0 (DE-625)rvk/136712:  |0 (DE-576)378228315 
936 r v |a PJ 3020  |b Schwangerschaftsabbruch, Sterilisation  |k Rechtswissenschaft  |k Medizinrecht (Biorecht, Recht des Gesundheitswesens, Arzneimittel- und Medizinproduktrecht, Medizinstrafrecht, Apothekenrecht)  |k Recht des Gesundheitswesens  |k Medizinstrafrecht  |k Schwangerschaftsabbruch, Sterilisation  |0 (DE-627)1448228212  |0 (DE-625)rvk/136703:  |0 (DE-576)378228218 
936 r u |a PI 4550  |b Schwangerschaftsabbruch, Sterilisation  |k Rechtswissenschaft  |k Allgemeine Rechtslehre und Rechtstheorie, Rechts- und Staatsphilosophie, Rechtssoziologie  |k Strafrechtsphilosophie sowie weltanschaulich umstrittene Fragen des Rechts  |k Medizinisch-juristische Fragen  |k Schwangerschaftsabbruch, Sterilisation  |0 (DE-627)1271266423  |0 (DE-576)201266423  |z Ungueltig 
951 |a MC 
ELC |b 1 
LOK |0 000 xxxxxcx a22 zn 4500 
LOK |0 001 2104652375 
LOK |0 003 DE-627 
LOK |0 004 1083807846 
LOK |0 005 20020518000000 
LOK |0 008 881104||||||||||||||||ger||||||| 
LOK |0 040   |a DE-21  |c DE-627  |d DE-21 
LOK |0 852   |a DE-21 
LOK |0 852 1  |c 28 A 7739  |9 00 
LOK |0 938   |l 33  |8 2 
LOK |0 939   |a 04-11-88  |b l01 
LOK |0 000 xxxxxcx a22 zn 4500 
LOK |0 001 2104652383 
LOK |0 003 DE-627 
LOK |0 004 1083807846 
LOK |0 005 20120509084628 
LOK |0 008 951116||||||||||||||||ger||||||| 
LOK |0 040   |a DE-21-24  |c DE-627  |d DE-21-24 
LOK |0 689   |a s  |a Schwangerschaftsabbruch (rechtsvergl.) 
LOK |0 852   |a DE-21-24 
LOK |0 852 1  |c J,IXa*4,55  |m p  |9 00 
LOK |0 936ln  |a J,IXa*4, 
LOK |0 938   |k p 
LOK |0 939   |a 16-11-95  |b l01 
LOK |0 000 xxxxxcx a22 zn 4500 
LOK |0 001 2104652391 
LOK |0 003 DE-627 
LOK |0 004 1083807846 
LOK |0 005 20140604135617 
LOK |0 008 931210||||||||||||||||ger||||||| 
LOK |0 040   |a DE-21-110  |c DE-627  |d DE-21-110 
LOK |0 689   |a s  |a Abtreibungsstatistik 
LOK |0 689   |a s  |a Kriminalstatistik 
LOK |0 689   |a s  |a Dunkelfeld 
LOK |0 689   |a s  |a Anzeigeverhalten 
LOK |0 689   |a s  |a Bevölkerungssituation 
LOK |0 689   |a s  |a Schwangerschaftsabbruch 
LOK |0 689   |a s  |a Medizinische Versorgung 
LOK |0 852   |a DE-21-110 
LOK |0 852 1  |c C III 99  |m p  |9 00 
LOK |0 935   |a k110 
LOK |0 936ln  |a 10.9 
LOK |0 938   |k p 
LOK |0 939   |a 10-12-93  |b l01 
LOK |0 000 xxxxxcx a22 zn 4500 
LOK |0 001 283310068X 
LOK |0 003 DE-627 
LOK |0 004 1083807846 
LOK |0 005 20150217131807 
LOK |0 008 150217||||||||||||||||ger||||||| 
LOK |0 040   |a DE-21-121  |c DE-627  |d DE-21-121 
LOK |0 852   |a DE-21-121 
LOK |0 852 1  |m p  |9 00 
LOK |0 935   |a k121  |a i121 
LOK |0 938   |k p 
LOK |0 939   |a 17-02-15  |b l01 
LOK |0 000 xxxxxcx a22 zn 4500 
LOK |0 001 210465212X 
LOK |0 003 DE-627 
LOK |0 004 1083807846 
LOK |0 005 20000314000000 
LOK |0 008 000314||||||||||||||||ger||||||| 
LOK |0 040   |a DE-Frei85  |c DE-627  |d DE-Frei85 
LOK |0 852   |a DE-Frei85 
LOK |0 852 1  |m p  |9 00 
LOK |0 938   |k p 
LOK |0 939   |a 14-03-00  |b l01 
ORI |a WA-MARC-krimdokb001.raw 
SIG |a IFK: C III 99 
SIG |a UB: 28 A 7739 
SPR |a 1  |t KRI